|
|
|
|
| LEADER |
00636nam a2200181 i 4500 |
| 001 |
misc74698 |
| 005 |
20240508141734.0 |
| 008 |
240508s1934 hu o 000 hun d |
| 040 |
|
|
|a SZTE Miscellanea Repozitórium
|b hun
|
| 041 |
|
|
|a hun
|
| 100 |
1 |
|
|a Tonelli Sándor
|
| 245 |
1 |
0 |
|a Móra Ferenc emlékezete
|h [elektronikus dokumentum] :
|b emlékbeszéd /
|c Tonelli Sándor
|
| 260 |
|
|
|a Rotary Club
|b Szeged
|c 1934
|
| 300 |
|
|
|a 16
|c 23 cm
|
| 650 |
|
4 |
|a Bölcsészettudományok
|
| 650 |
|
4 |
|a Nyelvek és irodalom
|
| 695 |
|
|
|a Móra Ferenc, Magyar irodalom - emlékbeszéd
|
| 856 |
4 |
0 |
|u http://misc.bibl.u-szeged.hu/74698/1/xa_157017.pdf
|z Dokumentum-elérés
|